000 01053nam a22002417a 4500
003 DO-SdBNP
005 20220531084021.0
007 ta
008 210824b2005 dr ac||| |||| 00| 0 spa d
040 _aDO-SdBNP
_bspa
_cBNPHU
082 4 _a323.042
_bL714j
_222
245 0 0 _aLiderazgo jovén y participación política :
_bponencias dictadas en los paneles regionales organizados por el programa durante los últimos tres años (2003-2005) /
_cedición Ricardo Sosa, Nicolás Guevara
260 _aSanto Domingo :
_bParticipación Ciudadana,
_c2005
300 _a118 p. ;
_c22 cm.
505 _aLiderazgo joven y participación política --
_tProcesos electorales --
_tDemocracia interna de los partidos políticos --
_tOferta electoral.
590 _aInventariado, 2021 / DG
650 1 4 _aParticipación política
_zRepública Dominicana
_914012
650 1 4 _aJuventud
_xActividad política
_979549
700 1 _aSosa, Ricardo,
_eed.
_979550
700 1 _aGuevara, Nicolás,
_eed.
_922224
910 _aValidado. Control de calidad MFF
942 _2ddc
_cLBS1
999 _c50252
_d50252